<?xml version="1.0" encoding="UTF-8"?>
<collection xmlns="http://www.loc.gov/MARC21/slim">
 <record>
  <leader>01634nam a22002298a 4500</leader>
  <controlfield tag="001">NCT_18009</controlfield>
  <controlfield tag="008">040611s2004    enkafh   b    001 0vvie|</controlfield>
  <datafield tag="999" ind1=" " ind2=" ">
   <subfield code="c">853</subfield>
   <subfield code="d">853</subfield>
  </datafield>
  <datafield tag="020" ind1=" " ind2=" ">
   <subfield code="c">36000</subfield>
  </datafield>
  <datafield tag="082" ind1="0" ind2="4">
   <subfield code="2">23rd ed.</subfield>
   <subfield code="a">553.2</subfield>
   <subfield code="b">D561</subfield>
  </datafield>
  <datafield tag="100" ind1="1" ind2=" ">
   <subfield code="a">Đỗ Cảnh Dương</subfield>
  </datafield>
  <datafield tag="245" ind1="1" ind2="0">
   <subfield code="a">Giáo trình địa chất các mỏ than dầu và khí đốt :</subfield>
   <subfield code="b">Dùng cho sinh viên đại học Mỏ - Địa chất và các trường khác</subfield>
   <subfield code="c">Đỗ Cảnh Dương</subfield>
  </datafield>
  <datafield tag="260" ind1=" " ind2=" ">
   <subfield code="a">H.</subfield>
   <subfield code="b">Khoa học và Kỹ thuật</subfield>
   <subfield code="c">2004</subfield>
  </datafield>
  <datafield tag="300" ind1=" " ind2=" ">
   <subfield code="a">224tr.</subfield>
   <subfield code="b">hình vẽ, bảng</subfield>
   <subfield code="c">27cm</subfield>
  </datafield>
  <datafield tag="520" ind1="3" ind2=" ">
   <subfield code="a">Bao gồm các kiến thức cơ bản về địa chất các mỏ khoáng sản cháy (than dầu và khí đốt); Sự biến đổi hữu cơ ban đầu thành khóng sản cháy; Thành phần thạch học than, các tính chất vật lí, hoá học của than; Trình bày các vấn đề liên quan đến thành phần, tính chất của dầu mỏ và khí đốt</subfield>
  </datafield>
  <datafield tag="653" ind1=" " ind2=" ">
   <subfield code="a">Quản lý đất đai</subfield>
  </datafield>
  <datafield tag="655" ind1=" " ind2="7">
   <subfield code="a">Giáo trình</subfield>
  </datafield>
  <datafield tag="942" ind1=" " ind2=" ">
   <subfield code="2">ddc</subfield>
   <subfield code="c">BK</subfield>
  </datafield>
  <datafield tag="952" ind1=" " ind2=" ">
   <subfield code="0">0</subfield>
   <subfield code="1">0</subfield>
   <subfield code="2">ddc</subfield>
   <subfield code="4">0</subfield>
   <subfield code="6">553_200000000000000_D561</subfield>
   <subfield code="7">0</subfield>
   <subfield code="9">4231</subfield>
   <subfield code="a">000001</subfield>
   <subfield code="b">000001</subfield>
   <subfield code="d">2017-11-24</subfield>
   <subfield code="o">553.2 D561</subfield>
   <subfield code="p">MD.04261</subfield>
   <subfield code="r">2017-11-24</subfield>
   <subfield code="v">36000.00</subfield>
   <subfield code="w">2017-11-24</subfield>
   <subfield code="y">BK</subfield>
  </datafield>
  <datafield tag="952" ind1=" " ind2=" ">
   <subfield code="0">0</subfield>
   <subfield code="1">0</subfield>
   <subfield code="2">ddc</subfield>
   <subfield code="4">0</subfield>
   <subfield code="6">553_200000000000000_D561</subfield>
   <subfield code="7">0</subfield>
   <subfield code="9">4232</subfield>
   <subfield code="a">000001</subfield>
   <subfield code="b">000001</subfield>
   <subfield code="d">2017-11-24</subfield>
   <subfield code="o">553.2 D561</subfield>
   <subfield code="p">MD.04262</subfield>
   <subfield code="r">2017-11-24</subfield>
   <subfield code="v">36000.00</subfield>
   <subfield code="w">2017-11-24</subfield>
   <subfield code="y">BK</subfield>
  </datafield>
  <datafield tag="952" ind1=" " ind2=" ">
   <subfield code="0">0</subfield>
   <subfield code="1">0</subfield>
   <subfield code="2">ddc</subfield>
   <subfield code="4">0</subfield>
   <subfield code="6">553_200000000000000_D561</subfield>
   <subfield code="7">0</subfield>
   <subfield code="9">4233</subfield>
   <subfield code="a">000001</subfield>
   <subfield code="b">000001</subfield>
   <subfield code="d">2017-11-24</subfield>
   <subfield code="o">553.2 D561</subfield>
   <subfield code="p">MD.04263</subfield>
   <subfield code="r">2017-11-24</subfield>
   <subfield code="v">36000.00</subfield>
   <subfield code="w">2017-11-24</subfield>
   <subfield code="y">BK</subfield>
  </datafield>
  <datafield tag="980" ind1=" " ind2=" ">
   <subfield code="a">Thư viện Trường Đại học Nam Cần Thơ</subfield>
  </datafield>
 </record>
</collection>
